Lord of the Mysteries - The Sun Pathway - Statistics

General Stats
  • This quiz has been taken 23 times
  • The average score is 6 of 10
Answer Stats
Sequence Number Name of Potion % Correct
Sequence 9 Bard
95%
Sequence 0 The Sun
95%
Sequence 4 Unshadowed
65%
Sequence 1 White Angel
55%
Sequence 2 Lightseeker
50%
Sequence 5 Priest Of Light
50%
Sequence 3 Justice Mentor
45%
Sequence 6 Notary
45%
Sequence 8 Light Suppliant
40%
Sequence 7 Solar High Priest
35%
No matching quizzes found
Score Distribution
Percent of People with Each Score
Percentile by Number Answered
Your Score History
You have not taken this quiz